Miami Basketball: Top 10 All-Time Leaders - Statistics

General Stats
  • This quiz has been taken 7 times
    0 since last reset
  • The average score is 0 of 91
Answer Stats
Category # Player Amount % Correct
Three Pointers Made 7 Adrian Thomas 204
0%
Games T3 Adrian Thomas 132
0%
Assists 7 Anthony Harris 329
0%
Rebounds 10 Anthony King 824
0%
Blocks 3 Anthony King 219
0%
Steals 9 Anthony Lawrence, Jr. 144
0%
Games T7 Anthony Lawrence, Jr. 130
0%
Games T7 Brian Asbury 130
0%
Blocks 1 Constantin Popa 263
0%
Field Goal Percent 4 Constantin Popa 49.3%
0%
Points 5 Darius Rice 1,865
0%
Three Pointers Made 4 Darius Rice 260
0%
Points Per Game 10 Darius Rice 16.1
0%
Three Pointers Made 8 Davon Reed 202
0%
Games 6 Davon Reed 131
0%
Three Pointers Made 2 Dejan Vasiljevic 272
0%
Points 10 Dennis Burns 1,594
0%
Blocks 8 Dennis Burns 123
0%
Field Goal Percent 5 Dennis Burns 49.0%
0%
Points Per Game 3 Dick Hickox 19.4
0%
Points 3 Don Curnutt 2,006
0%
Points Per Game 2 Don Curnutt 26.1
0%
Points 9 Durand Scott 1,650
0%
Assists 5 Durand Scott 404
0%
Steals 7 Durand Scott 166
0%
Games T3 Durand Scott 132
0%
Rebounds 5 Dwayne Collins 879
0%
Blocks 9 Elton Tyler 114
0%
Points 2 Eric Brown 2,270
0%
Rebounds 8 Eric Brown 855
0%
Field Goal Percent 1 Eric Brown 53.5%
0%
Points Per Game 4 Eric Brown 18.6
0%
Points Per Game 9 Gene Stage 16.1
0%
Three Pointers Made T10 Guillermo Diaz 174
0%
Rebounds 3 Harry Manushaw 914
0%
Points 4 Isaiah Wong 1,866
0%
Three Pointers Made 9 Isaiah Wong 178
0%
Games T3 Isaiah Wong 132
0%
Points 8 Jack McClinton 1,702
0%
Three Pointers Made 1 Jack McClinton 286
0%
Points Per Game 5 Jack McClinton 17.9
0%
Steals 6 Jake Morton 167
0%
Games T7 James Dews 130
0%
Blocks 4 James Jones 192
0%
Assists 10 Ja'Quan Newton 308
0%
Steals T4 Jerome Scott 187
0%
Field Goal Percent 6 Joe Wylie 48.5%
0%
Assists 3 John Salmons 433
0%
Steals 3 John Salmons 192
0%
Blocks 5 Julian Gamble 132
0%
Games 10 Julian Gamble 129
0%
Field Goal Percent 10 Kameron McGusty 45.7%
0%
Assists 2 Kevin Norris 493
0%
Steals 1 Kevin Norris 208
0%
Assists 4 Kevin Presto 412
0%
Steals 8 Kevin Presto 154
0%
Three Pointers Made 6 Malcolm Grant 223
0%
Assists 8 Michael Gardner 319
0%
Steals 10 Michael Simmons 141
0%
Rebounds 6 Mike McCoy 857
0%
Field Goal Percent 8 Mike Wittman 47.3%
0%
Points Per Game 7 Mike Wittman 17.4
0%
Rebounds 9 Reggie Johnson 842
0%
Blocks 10 Reggie Johnson 113
0%
Points 1 Rick Barry 2,298
0%
Rebounds 1 Rick Barry 1,274
0%
Field Goal Percent 2 Rick Barry 52.2%
0%
Points Per Game 1 Rick Barry 29.8
0%
Three Pointers Made T10 Rion Brown 174
0%
Games 2 Rion Brown 136
0%
Points 6 Robert Hite 1,717
0%
Steals T4 Robert Hite 187
0%
Three Pointers Made 5 Robert Hite 228
0%
Field Goal Percent 9 Ron Godfrey 46.3%
0%
Points Per Game 6 Ron Godfrey 17.5
0%
Field Goal Percent 3 Rusty Parker 51.6%
0%
Assists 9 Steven Edwards 312
0%
Three Pointers Made 3 Steven Edwards 265
0%
Assists 6 Thomas Hocker 384
0%
Points 7 Tim James 1,713
0%
Rebounds 7 Tim James 856
0%
Blocks 2 Tim James 224
0%
Field Goal Percent 7 Tim James 47.6%
0%
Blocks 7 Tito Horford 125
0%
Rebounds 4 Tonye Jekiri 901
0%
Blocks 6 Tonye Jekiri 126
0%
Games 1 Tonye Jekiri 139
0%
Assists 1 Vernon Jennings 520
0%
Steals 2 Vernon Jennings 199
0%
Rebounds 2 Willie Allen 916
0%
Points Per Game 8 Willie Allen 17.2
0%
No matching quizzes found
Score Distribution
Percent of People with Each Score
Percentile by Number Answered
Your Score History
You have not taken this quiz since the last reset